000 00796nam a22002057a 4500
005 20260108152549.0
010 _aHIN-130744
020 _c225.00
_a9789356822313
035 _aHN-103090
037 _bDBAD
082 _a821
_21
100 _aसजिश कुमार
_986249
245 _aबस यूँ ही अनायास/
_cसजिश कुमार
250 _a1
260 _bप्रभाकर प्रकाशन
_c2024
_aदिल्ली
270 _bदिल्ली
_aप्लाट न.-55, मेन मदर डेरी रोड, पांडव नगर ईस्ट
_e110092
_k011-40395855
_k8368220032
300 _a203पृ.
_c20सेमी (अजिल्द)
700 _986235
942 _2ddc
_cHN
_h821
_mसजिश
999 _c214047
_d214047